Central Library OPAC University of Rajshahi

Religion and politics in Burma / (Record no. 40778)

MARC details
000 -LEADER
fixed length control field 00877nam a2200277 a 4500
001 - CONTROL NUMBER
control field 40778
003 - CONTROL NUMBER IDENTIFIER
rucl marc code BD-RjUL
005 - DATE AND TIME OF LATEST TRANSACTION
control field 20211209053258.0
008 - FIXED-LENGTH DATA ELEMENTS--GENERAL INFORMATION
fixed length control field 160510s1965 nju b 000 0 eng
035 ## - SYSTEM CONTROL NUMBER
System control number (BD-RjUL)40893
040 ## - CATALOGING SOURCE
Original cataloging agency DLC
Transcribing agency DLC
Modifying agency BD-RjUL
Language of cataloging eng
041 ## - LANGUAGE CODE
Language code of text/sound track or separate title eng
082 00 - DEWEY DECIMAL CLASSIFICATION NUMBER
Classification number 322.109591
Edition number 23
Author mark and year SMR 1965
100 1# - MAIN ENTRY--PERSONAL NAME
Personal name Smith, Donald Eugene
Dates associated with a name 1927-
9 (RLIN) 125482
245 10 - TITLE STATEMENT
Title Religion and politics in Burma /
Statement of responsibility, etc. Donald Eugene Smith
260 ## - PUBLICATION, DISTRIBUTION, ETC. (IMPRINT)
Place of publication, distribution, etc. Princeton, N.J.,
Name of publisher, distributor, etc. Princeton University Press,
Date of publication, distribution, etc. 1965.
300 ## - PHYSICAL DESCRIPTION
Pagination xiii, 350 p. ;
Size 24 cm.
504 ## - BIBLIOGRAPHY, ETC. NOTE
Bibliography, etc Bibliographical footnotes.
650 #0 - SUBJECT ADDED ENTRY--TOPICAL TERM
Topical term or geographic name as entry element Buddhism
Geographic subdivision Burma.
9 (RLIN) 125483
Topical term or geographic name as entry element Nationalism
Geographic subdivision Burma.
9 (RLIN) 125484
Topical term or geographic name as entry element Buddhism and state
Geographic subdivision Burma.
9 (RLIN) 125485
Topical term or geographic name as entry element Nationalism
General subdivision Religious aspects
-- Buddhism.
9 (RLIN) 125486
651 #0 - SUBJECT ADDED ENTRY--GEOGRAPHIC NAME
Geographic name Burma
General subdivision Religion.
9 (RLIN) 125487
942 ## - ADDED ENTRY ELEMENTS (KOHA)
Source of classification or shelving scheme Dewey Decimal Classification
Koha item type Books
Holdings
Lost status Source of classification or shelving scheme Damaged status Not for loan Collection code Permanent Location Current Location Shelving location Date acquired Source of acquisition Cost, normal purchase price Total Checkouts Full call number Date last seen Copy number Koha item type
  Dewey Decimal Classification     Non-fiction Central Library, University of Rajshahi Central Library, University of Rajshahi   09/05/1967 American Bes Agleey 45.00   322.109591 SMR 1965 10/05/2016 C-2 Books
  Dewey Decimal Classification     Non-fiction Central Library, University of Rajshahi Central Library, University of Rajshahi   29/10/1970 Swets of Zaithing 71.00   322.109591 SMR 1965 10/05/2016 C-3 Books